Príčiny neúspechov aplikácie zmeny v podniku

Chyby v manažmente zmien v podniku, ktorých je potrebné sa vyvarovať.

Enregistré dans:
Détails bibliographiques
Auteur principal: Hrášková, Dagmar
Format: Chapitre de livre
Langue:slovaque
Sujets:
Tags: Ajouter un tag
Pas de tags, Soyez le premier à ajouter un tag!

MARC

LEADER 00000naa a2200000 4500
001 0161963
005 20231120123900.5
041 0 |a slo 
044 |a SK 
245 1 0 |a Príčiny neúspechov aplikácie zmeny v podniku  |c Dagmar Hrášková 
520 |a Chyby v manažmente zmien v podniku, ktorých je potrebné sa vyvarovať. 
610 2 0 |a podnik 
610 2 0 |a zmeny organizačné 
610 2 0 |a procesy podnikové 
610 2 0 |a manažéri 
610 2 0 |a riadenie zmien 
100 1 |a Hrášková, Dagmar